000 00763cam a2200217 a 4500
001 000005132
005 20200929151603.0
008 970321s1995 ve b f001 0 spa d
020 _a9802228729
040 _aDO-SdBNP
_cWU
_dDLC
082 _aV864.44
_bB849g
100 1 _aBriceño Perozo, Mario,
_d1917-1995.
_914693
245 1 0 _aGremio de poetas /
_cMario Briceño Perozo.
260 _aCaracas :
_bAcademia Nacional de la Historia,
_c1995.
300 _a385 p. ;
_c23 cm.
440 0 _aBiblioteca de la Academia Nacional de la Historia.
_pestudios, monografías y ensayos ;
_v173
_914694
650 4 _aEnsayos venezolanos
_xHistoria ycrítica
_914695
650 4 _aPoetas venezolanos
_xEnsayos
_914696
910 _aCatalogación por copia / LC
049 _aBNGR
999 _c4935
_d4935